Discographie complète de Ronnie James Dio - Statistiques

Statistiques générales
  • Ce quiz a été pris 4 fois
    2 depuis la dernière actualisation
  • Le résultat moyen est 14 sur 20
Statistiques - réponses
Annés Réponses Groupe % Correct
1996 Angry Machines Dio
100%
1992 Dehumanizer Black Sabbath
100%
1980 Heaven and Hell Black Sabbath
100%
1983 Holy Diver Dio
100%
2002 Killing the Dragon Dio
100%
1990 Lock up the Wolves Dio
100%
1978 Long Live Rock 'n' Roll Rainbow
100%
2000 Magica Dio
100%
2004 Master of the Moon Dio
100%
1976 Rising Rainbow
100%
2009 The Devil You Know Heaven and Hell
100%
1984 The Last in Line Dio
100%
1972 Elf Elf
50%
1981 Mob Rules Black Sabbath
50%
1975 Ritchie Blackmore's Rainbow Rainbow
50%
1985 Sacred Heart Dio
50%
1974 Carolina County Ball Elf
0%
1987 Dream Evil Dio
0%
1993 Strange Highways Dio
0%
1975 Trying to Burn the Sun Elf
0%
Aucun quiz correspondant
Distribution des résultats
% des personnes avec chaque résultat
Percentile par nombre de réponses
Votre historique - résultats
Vous n’avez pas pris ce quiz depuis la dernière actualisation